Damu nyeusi na hadithi nyingine / (Record no. 16594)
[ view plain ]
| 000 -LEADER | |
|---|---|
| fixed length control field | 00570nam a22001937a 4500 |
| 003 - CONTROL NUMBER IDENTIFIER | |
| control field | OSt |
| 005 - DATE AND TIME OF LATEST TRANSACTION | |
| control field | 20171102110909.0 |
| 008 - FIXED-LENGTH DATA ELEMENTS--GENERAL INFORMATION | |
| fixed length control field | 171102b xxu||||| |||| 00| 0 eng d |
| 020 ## - INTERNATIONAL STANDARD BOOK NUMBER | |
| International Standard Book Number | 9789966344854 |
| 040 ## - CATALOGING SOURCE | |
| Original cataloging agency | KABU |
| Transcribing agency | KABU |
| 050 ## - LIBRARY OF CONGRESS CALL NUMBER | |
| Classification number | PL8704 |
| Item number | .W35D36 2007 |
| 245 ## - TITLE STATEMENT | |
| Title | Damu nyeusi na hadithi nyingine / |
| Statement of responsibility, etc. | Ken Walibora na Said A. Mohamed (Wahariri) |
| 250 ## - EDITION STATEMENT | |
| Edition statement | toleo la shule |
| 260 ## - PUBLICATION, DISTRIBUTION, ETC. (IMPRINT) | |
| Place of publication, distribution, etc. | Nairobi |
| Name of publisher, distributor, etc. | Moran |
| Date of publication, distribution, etc. | 2007 |
| 300 ## - PHYSICAL DESCRIPTION | |
| Extent | viii, 124 p. |
| 700 ## - ADDED ENTRY--PERSONAL NAME | |
| Personal name | Mohamed, Said A. |
| 700 ## - ADDED ENTRY--PERSONAL NAME | |
| Personal name | Walibora, Ken |
| 942 ## - ADDED ENTRY ELEMENTS (KOHA) | |
| Source of classification or shelving scheme | Library of Congress Classification |
| Koha item type | General Collection |
| Classification part | PL8704 |
| Item part | .W35D36 2007 |
| Withdrawn status | Lost status | Source of classification or shelving scheme | Not for loan | Home library | Current library | Shelving location | Date acquired | Cost, normal purchase price | Inventory number | Total Checkouts | Full call number | Barcode | Date last seen | Date last checked out | Copy number | Price effective from | Koha item type |
|---|---|---|---|---|---|---|---|---|---|---|---|---|---|---|---|---|---|
| Library of Congress Classification | Kabarak, Main Campus | Kabarak, Main Campus | General Stacks | 02/11/2017 | 410.00 | 2017/0278 | 24 | PL8704 .W35D36 2007 c.1 | 027766 | 26/01/2026 | 26/01/2026 | c.1 | 02/11/2017 | Reserve Collection |